Semimicro qualitative organic analysis : the systematic identification of organic compounds /
Guardado en:
| Autor Principal: | |
|---|---|
| Otros Autores: | , |
| Formato: | Libro |
| Idioma: | English |
| Publicado: |
Malabar, Fla. :
R.E. Krieger Pub. Co.,
1983, c1965.
|
| Edición: | 3rd ed. |
| Materias: | |
| Etiquetas: |
Agregar Etiqueta
Sin Etiquetas, Sea el primero en etiquetar este registro!
|
| LEADER | 01203pam a22003015a 4500 | ||
|---|---|---|---|
| 001 | EIQ.libpla003523 | ||
| 008 | 800110r1983####flua#####b####001#0#eng#d | ||
| 005 | 20080208173313.0 | ||
| 245 | 1 | 0 | |a Semimicro qualitative organic analysis : |b the systematic identification of organic compounds / |c Nicholas D. Cheronis, John B. Entrikin, Ernest M. Hodnett. |
| 250 | |a 3rd ed. | ||
| 260 | |a Malabar, Fla. : |b R.E. Krieger Pub. Co., |c 1983, c1965. | ||
| 300 | |a xi, 1060 p. : |b il. ; |c 24 cm. | ||
| 500 | |a Reimpreso de la 3er ed. publicada por Interscience Publishers, New York. | ||
| 504 | |a Incluye referencias bibliográficas e índice. | ||
| 020 | |a 0898741246 | ||
| 100 | 1 | |a Cheronis, Nicholas Dimitrius, |d 1896-1962. | |
| 700 | 1 | |a Entrikin, John Bennett, |d 1890- | |
| 700 | 1 | |a Hodnett, Ernest Matelle, |d 1914- | |
| 082 | 0 | 0 | |a 547.3/48 |
| 650 | 4 | |a Química |x Química analítica. | |
| 650 | 4 | |a Química |x Química orgánica. | |
| 650 | 4 | |a Química |x Microquímica. | |
| 650 | 4 | |a Chemistry |x Chemistry, Organic. | |
| 650 | 4 | |a Chemistry |x Microchemistry. | |
| 650 | 4 | |a Chemistry |x Chemistry, Analytic. | |
| 010 | |a 80000461 | ||
| 040 | |a DLC |c DLC |d AR-BbSID | ||
| 859 | |a AR-BbSID |b BIB. PLAPIQUI |h 547.348 |i Ch 424 |p 4711 | ||
